[Event "FIDE World Cup"]
[Site "Baku"]
[Date "2015.09.20"]
[Round "4.1"]
[White "Svidler, Peter"]
[Black "Topalov, Veselin"]
[Result "1-0"]
[WhiteElo "2727"]
[BlackElo "2816"]
[Annotator "Szabo,Kr"]
[PlyCount "129"]
[EventDate "2015.09.11"]
[EventType "k.o."]
[EventRounds "7"]
[EventCountry "AZE"]
[SourceTitle "CBM 169"]
[Source "ChessBase"]
[SourceDate "2015.11.10"]
[SourceVersion "1"]
[SourceVersionDate "2015.11.10"]
[SourceQuality "1"]

1. e4 c5 2. Nf3 d6 3. Bb5+ Nd7 4. O-O Ngf6 5. Re1 a6 6. Bf1 ({A month
previously Topalov won a nice game against Carlsen in} 6. Bd3 b5 7. c4 g5 $5 8.
Nxg5 Ne5 9. Be2 bxc4 10. Na3 Rg8 11. Nxc4 Nxc4 12. d4 Nb6 13. Bh5 Nxh5 14. Qxh5
Rg7 15. Nxh7 Qd7 16. dxc5 dxc5 $15 {Carlsen-Topalov, Saint Louis 2015.}) 6...
b6 7. d4 cxd4 8. Nxd4 Bb7 9. c4 e6 ({The greedy} 9... Nxe4 $6 {is too
dangerous, because} 10. f3 Nef6 11. Nf5 $40 {and White has a strong attack.})
10. Nc3 Be7 11. f3 Rc8 12. Be3 O-O 13. Qd2 Qc7 14. Rac1 Qb8 15. Kh1 Rfe8 16. a3
Bd8 {A very typical manoeuvre in the Hedgehog System. Black prepares for ...
Bc7 with which he exerts pressure on the b8-h2 diagonal.} 17. Bg1 {A
prophylactic move.} h5 $146 {A novelty by Topalov. Black would like to advance
with his h-P and creates some weaknesses on White's kingside.} (17... Bc7 18.
b4 d5 19. cxd5 Bf4 20. Be3 Bxh2 (20... Bxe3 {(Fernandez Aguado-Vehi Bach,
Sitges 1989)} 21. Rxe3 $1 exd5 22. Nxd5 Nxd5 23. Rxc8 Rxc8 24. exd5 $16 {
and White is a healthy P up.}) 21. dxe6 fxe6 22. Qa2 Nf8 23. Bc4 $16 {and
White is better, for example} Qe5 24. Bxe6+ $1 Nxe6 25. Nxe6 Rxe6 26. Bd4 $1
$18 {and wins.}) 18. b3 Ne5 (18... h4 $5 {was also possible.}) 19. f4 Ned7 20.
b4 Qa8 {White weakened his e4-P after f4, so Black immediately puts it under
pressure.} (20... h4 $5) 21. Bd3 Be7 {The B was already useless on d8.} (21...
h4 $5) 22. h3 Rc7 $6 {An inaccuracy.} ({Even now} 22... h4 $5 {was an
interesting option too.}) 23. Re2 (23. e5 $1 {was the strongest reply,} dxe5
24. fxe5 Nh7 25. Bh2 $1 $36 {followed by Ne4 and White has a nice initiative.})
23... h4 24. Bf2 Nh5 25. Nf3 Ng3+ 26. Bxg3 hxg3 27. Qe1 Nf6 28. Qxg3 Nh5 29.
Qg4 Nf6 30. Qg3 Nh5 31. Qg4 Nf6 32. Qh4 g6 ({In the event of} 32... Nxe4 33.
Ng5 Nxg5 34. fxg5 g6 35. Rf1 Bf8 36. Be4 $1 {and now} Rxc4 $2 {does not work
because of} 37. Rxf7 $3 Kxf7 38. Qh7+ Bg7 39. Rf2+ $18 {and White wins.}) 33.
Ng5 Qd8 (33... Nh5 {was also an alternative.}) 34. Rd1 Nh5 35. Qg4 e5 ({
Probably} 35... Nf6 {was more accurate,} 36. Qf3 Nh5 {and in the event of} 37.
Nxe6 $5 fxe6 38. Qg4 Nxf4 39. Qxf4 Bf6 $44 {with a double-edged fight.}) 36.
Nd5 Bxd5 37. exd5 Bxg5 38. fxg5 Nf4 39. Rc2 b5 $2 {A decisive mistake,
probably in time trouble.} (39... Nxd3 40. Rxd3 e4 41. Rd4 e3 42. Re2 Rce7 $44
{with some compensation for the P.}) 40. c5 $1 Nxd3 (40... Nxd5 {could have
been met by} 41. Bxg6 $1 Ne3 42. Bh7+ $1 Kxh7 (42... Kf8 43. Qh5 $1 Nxd1 44.
Qh6+ Ke7 45. Rd2 $18) 43. Qe4+ $18 {and White wins.}) 41. Rxd3 e4 42. Rd4 e3
43. c6 Re5 44. h4 Rce7 45. Re2 Qb6 46. g3 a5 47. Kg2 axb4 48. axb4 Qa7 49. Rd3
Re4 50. Qc8+ Kh7 51. Qd8 Rxb4 52. Rd1 Rbe4 53. Qxd6 Qa4 54. Rde1 $2 {This safe
move is a mistake! Now Black gets some chances.} (54. Rc1 $1 $18 {was the best
answer followed by c7, so Black can resign.}) 54... Qc4 $1 {The correct reply!}
55. h5 gxh5 56. Qh6+ Kg8 57. g6 fxg6 $2 {The decisive mistake, which loses
immediately!} (57... f5 $1 {was very important,} 58. Rxe3 (58. Qxh5 Qxd5) 58...
Rxe3 59. Rxe3 Qxd5+ 60. Kf1 Qh1+ $11 {and Black survives with perpetual checks.
}) 58. Qxg6+ $18 Rg7 59. Qxh5 Qd4 60. Ra2 {Now Black is already helpless.} Rf4
61. Ra8+ Rf8 62. Rxf8+ Kxf8 63. Qh8+ Kf7 64. Rf1+ Ke7 65. Qf8# 1-0

[Event "EU-ch 18th"]
[Site "Minsk"]
[Date "2017.06.07"]
[Round "8"]
[White "Bocharov, Dmitry"]
[Black "Leko, Peter"]
[Result "1-0"]
[WhiteElo "2574"]
[BlackElo "2703"]
[Annotator "Szabo,Kr"]
[PlyCount "125"]
[EventDate "2017.05.30"]
[EventType "swiss"]
[EventRounds "11"]
[EventCountry "BLR"]
[SourceTitle "CBM 179"]
[Source "ChessBase"]
[SourceDate "2017.07.12"]
[SourceVersion "1"]
[SourceVersionDate "2017.07.12"]
[SourceQuality "1"]

1. Nf3 c5 2. e4 d6 3. Bb5+ Nd7 4. O-O a6 5. Bd3 {A relatively new idea. White
prepares for c3, Bc2 followed by d4.} Ngf6 6. Re1 (6. c3 {is the other move to
prepare for Bc2, d4.}) 6... e6 (6... b5 {is the other main continuation and
after} 7. c4 g5 $5 {it leads to a complicated middlegame.}) 7. c3 b5 8. Bc2 c4
$1 {The most ambitious move. Black has gained some space, and he doesn't want
to allow d4.} 9. b3 $6 {A logical move, but it is too slow.} (9. a4 {is more
common.}) 9... Bb7 (9... Qc7 {is the other continuation,} 10. bxc4 bxc4 11. Qe2
Bb7 12. Na3 Nb6 13. Rb1 Nfd7 14. d4 cxd3 15. Bxd3 Nc5 $132 {Lu Shanglei-Wei Yi,
Shenzhen rapid 2016, and Black looks nicely placed.}) 10. bxc4 bxc4 11. Na3 Rc8
12. Rb1 Ba8 13. Qe2 d5 14. Nd4 $146 {An original move, but it doesn't pose a
real threat, because Black's position is powerful.} (14. exd5 $2 {is bad,
because} Bxd5 $17 {Black is threatening ...Qa5 and the a3-knight is in trouble.
}) ({Smeets played} 14. e5 Ne4 $1 15. Nd4 Nec5 16. d3 cxd3 17. Bxd3 Nxd3 18.
Qxd3 Qa5 $15 {Smeets-Van Wely, Leiden 2015 and Black looks nicely placed.})
14... Nxe4 $1 {The right reply! Black takes the pawn and he gains the bishop
pair.} ({In the event of} 14... Qa5 15. e5 Ng8 16. f4 $1 Bxa3 17. Bxa3 Qxa3 18.
f5 $44 {with strong compensation for the piece.}) 15. Bxe4 dxe4 16. Nxc4 Qc7
17. Ne3 Qa7 ({The natural developing} 17... Bd6 $6 {could have been met by} 18.
Qxa6 Bxh2+ 19. Kh1 $36 {and suddenly White has the initiative.}) (17... Qa5 $5
{is suggested by the engine.}) 18. Qh5 e5 (18... Qc5 $5 {was a good
alternative, because the exchange of queens only helps Black.}) 19. Ndc2 ({
The smart} 19. Ne6 $5 {was also possible, but} g6 20. Qh3 fxe6 21. Qxe6+ Kd8
22. d4 $1 Rc6 $1 23. Qh3 Qc7 $15 {and it is not clear, how White can continue
the attack.}) 19... Bc5 {A logical developing move; it puts pressure on the
f2-pawn, so now the e3-knight can't go to f5.} 20. Ba3 O-O 21. Rf1 {An
unexpected move, which protects the f2-pawn and probably he would like to play
Nf5 already.} (21. Bxc5 $6 {was dubious, as} Nxc5 $15 {followed by ...Nd3.})
21... g6 22. Bxc5 Rxc5 ({Probably} 22... Qxc5 $1 {was more accurate,} 23. Qe2
Qd6 $36 {followed by ...f5 and Black is fine.}) 23. Qh4 f6 {The solid reply.} (
{However} 23... f5 $1 {was more aggressive,} 24. Qe7 Rf7 25. Qe8+ Kg7 $17 {
and the queen can be in trouble on e8.}) 24. h3 Kg7 25. Rfd1 Rc7 $6 ({Now it
was time to play} 25... f5 $1 26. Qe7+ Rf7 27. Qd6 f4 $17 {and Black is better.
}) 26. Nb4 Nb6 27. d4 $1 {White plays actively, he opens the d-file for his
rook.} exd3 28. Rxd3 Rff7 {Logical, to protect the 7th rank more, but this is
an inaccuracy.} ({The greedy} 28... e4 $6 29. Rd6 Rxc3 $2 {could have been met
by} 30. Ng4 $1 $18 {and suddenly White has a decisive attack.}) (28... a5 $1 {
was important,} 29. Nbd5 Nxd5 30. Nxd5 Bxd5 31. Rxd5 Rxc3 {Our dear engine
isn't afraid of anything! :)}) 29. Rd6 $1 {Very good move, White activates his
rook, to a square from where things are unpleasant for Black.} a5 $2 (29...
Rcd7 $1 {should have been played, trying to simplify the position.}) 30. Ng4 $1
{White immediately gains the initiative.} Nd7 ({Of course} 30... axb4 $2 {
dpes not work, because of} 31. Qh6+ Kg8 32. Rd8+ $18 {and mate!}) 31. Qh6+ Kg8
32. Nd5 $1 {White's pieces are becoming very active, Black has to defend.} ({
The tempting} 32. Na6 Rc8 33. Rbd1 {is dubious, because of} Bc6 {and Black
looks OK.}) 32... Bxd5 33. Rxd5 Rc8 34. Qd2 Kg7 35. Rd6 Qc7 36. Rd1 {White
triples on the d-file; he will win the f6-P.} Nf8 37. Qh6+ Kh8 38. Nxf6 Qxc3
39. Qg5 {Prepares for Ng4.} Qb2 40. Ng4 Rf5 41. Qe7 (41. Qe3 $16 {was more
solid with an obviously better position for White.}) 41... h5 42. Rd7 $1 {
This is the point of White's previous move.} Nxd7 ({In the event of} 42... e4
$2 43. Rb7 $1 {A strong intermediate move! The queen has to leave the 2nd rank.
} Qc3 44. Nh6 $18 {and White wins.}) 43. Rxd7 Qc1+ 44. Kh2 Qf4+ 45. g3 Rf7 {
Leko plays the best defensive moves, however his position is worse.} 46. gxf4
Rxe7 47. Rxe7 hxg4 48. fxe5 gxh3 49. Kxh3 Rc2 50. f4 Rxa2 51. Ra7 $18 {The
black king is passive, so White has an easy win in this rook endgame.} Kg8 52.
Kg4 Rg2+ 53. Kf3 Ra2 54. Kg4 Rg2+ 55. Kf3 Ra2 56. e6 $1 {Threatening Ra8
followed by e7.} Kf8 57. Ke4 Rf2 58. Ke5 Rf1 59. Rxa5 Ke7 60. Ra7+ Kf8 61. Rf7+
Kg8 62. f5 $1 gxf5 63. Kf6 $1 {White creates an "umbrella", Black resigned.}
1-0

[Event "Biel GM 48th"]
[Site "Biel"]
[Date "2015.07.22"]
[Round "3"]
[White "Adams, Michael"]
[Black "Vachier Lagrave, Maxime"]
[Result "0-1"]
[WhiteElo "2740"]
[BlackElo "2731"]
[Annotator "Szabo,Kr"]
[PlyCount "72"]
[EventDate "2015.07.20"]
[EventType "tourn"]
[EventRounds "10"]
[EventCountry "SUI"]
[EventCategory "19"]
[SourceTitle "CBM 168"]
[Source "ChessBase"]
[SourceDate "2015.09.14"]
[SourceVersion "1"]
[SourceVersionDate "2015.09.14"]
[SourceQuality "1"]

1. e4 c5 2. Nf3 d6 3. Bb5+ Nd7 4. c3 (4. d4 {is another main line.}) 4... Ngf6
5. Qe2 a6 6. Ba4 e5 ({One month ago Giri played} 6... b5 7. Bc2 e6 8. d4 Bb7 9.
O-O Be7 10. Re1 O-O 11. Nbd2 cxd4 12. cxd4 Rc8 13. Nf1 Re8 14. Ng3 Bf8 15. Be3
Rc7 16. Bd3 e5 17. d5 Nc5 18. Bc2 b4 19. a3 $1 $14 {Carlsen-Giri, Stavanger
2015, and White had a slight advantage.}) 7. O-O Be7 8. d4 b5 9. Bc2 O-O 10.
Rd1 {The position is very similar to the Ruy Lopez Breyer variation, but Black
is a few tempi up.} Qc7 11. a4 Rb8 (11... Bb7 {is more popular, for example:}
12. dxe5 dxe5 13. axb5 axb5 14. Rxa8 Rxa8 15. Na3 b4 16. Nc4 bxc3 17. bxc3 Bc6
$11 {Kobalia-Najer, Kaliningrad 2015, with a balanced position.}) 12. Na3 c4
$146 (12... cxd4 13. cxd4 bxa4 14. Bxa4 exd4 15. Nxd4 Nc5 16. Bc2 Re8 17. f3 d5
$1 18. e5 Bf8 $132 {C.Balogh-Babula, Austria 2012, with a complicated
middlegame.}) 13. Bd2 Re8 14. axb5 axb5 15. h3 d5 $5 {A very ambitious
break-through in the centre.} ({The solid} 15... Bf8 {was also possible.}) 16.
dxe5 Nxe5 17. Nxe5 $2 {He starts some straightforward play, but this is a
mistake.} ({White should have played} 17. exd5 Neg4 (17... Nd3 18. Be3) (17...
Ng6 $5) 18. Nxb5 Rxb5 19. hxg4 Bc5 20. Be3 Bxe3 21. fxe3 Qb6 $132 {with a
double-edged fight.}) 17... Qxe5 18. f4 Bc5+ $1 {An important intermediate
move.} 19. Be3 ({In the event of} 19. Kh1 Nxe4 $1 20. fxe5 Ng3+ 21. Kh2 Nxe2
$17 {and Black is better.}) ({or} 19. Kh2 Qe7 $1 20. Be3 (20. e5 $2 Ng4+ $1 $19
) 20... dxe4 $17 {and Black is a healthy P up.}) 19... Qh5 $1 {This is the
point of Black's previous move.} 20. Rd2 ({Of course} 20. Qxh5 $4 {loses as}
Bxe3+ $19) 20... dxe4 21. Re1 Qxe2 {A logical decision by Vachier Lagrave, he
is a P up, so he simplifies the position.} ({Nevertheless} 21... Qf5 $5 {
was also an interesting option to keep the tension.}) 22. Rdxe2 Bxe3+ 23. Rxe3
Rb6 24. Kf2 (24. g4 $5) 24... Bf5 25. Rd1 (25. g4 {could have been met by} Bxg4
$1 26. hxg4 Nxg4+ 27. Ke2 Nxe3 28. Kxe3 f5 $17 {and Black has good chances to
win.}) 25... h5 {Black avoids g4 and now Adams starts to play a brave plan.}
26. Kg3 g6 27. Rd4 Kg7 28. Kh4 $6 {White wants to play for g4, but this move
looks too dangerous. The K can be in a mating net, as we will see in the game.}
({He should try to hold his position with} 28. Re1 {, because he has a nice
blockade on the dark squares.}) 28... Be6 29. Re2 Rbb8 30. Bd1 ({In the event
of} 30. Re3 Rec8 $19 {followed by ...b4.}) 30... Bf5 31. Bc2 Rec8 32. Re1 Rc5
33. Bd1 (33. Kg3 b4 $1 34. Nxc4 bxc3 35. bxc3 Rbc8 $19 {and Black wins the
endgame.}) 33... Nd5 $1 34. g3 (34. g4 hxg4 35. hxg4 Nxf4 $1 $19) 34... Rh8 $1
{Black starts to create a mating net.} ({The immediate} 34... Ne7 {allows} 35.
g4 $1) 35. Nc2 Ne7 $1 36. Rd6 Be6 (36... Be6 37. Nd4 g5+ 38. fxg5 Ng6#) 0-1

[Event "EU-Cup 29th"]
[Site "Rhodes"]
[Date "2013.10.26"]
[Round "7.2"]
[White "Karjakin, Sergey"]
[Black "Cheparinov, Ivan"]
[Result "1-0"]
[WhiteElo "2762"]
[BlackElo "2672"]
[Annotator "Szabo,Kr"]
[PlyCount "105"]
[EventDate "2013.10.20"]
[EventType "team-swiss"]
[EventRounds "7"]
[EventCountry "GRE"]
[SourceTitle "CBM 157"]
[Source "ChessBase"]
[SourceDate "2013.11.12"]
[SourceVersion "1"]
[SourceVersionDate "2013.11.12"]
[SourceQuality "1"]
[WhiteTeam "Malachite Sverdlovsk Region"]
[BlackTeam "Rostov"]
[WhiteTeamCountry "RUS"]
[BlackTeamCountry "RUS"]

1. e4 c5 2. Nf3 d6 3. Bb5+ Nd7 4. O-O a6 5. Bd3 $5 {A perfectly reasonable way
of avoiding the Bxd7 main line. White's plan is c3, Bc2 followed by d4.} Ngf6 (
{Five months ago} 5... Ne5 {was played by Svidler} 6. Nxe5 dxe5 7. a4 Nf6 (7...
b6 8. b3 $14 {was slightly better for White, Mudrak-Rychlik, Nachod 2012.}) 8.
b3 (8. Re1 b6 9. Na3 Bb7 10. Nc4 Nd7 11. b3 e6 12. Bb2 Qg5 13. Re3 $1 g6 14.
Rg3 Qf6 15. Qe2 $16 {with a strong initiative with White, Trent-Sutovsky,
Caleta 2013.}) 8... Be6 (8... g6 {Marin} 9. Bb2 Qc7 10. Na3 Bg7 11. Nc4 Nh5 (
11... Nd7 12. f4 $40) 12. a5 $14) 9. Bb2 (9. Qe2 $5 g6 10. Bb2 Qc7 11. Na3 Bg7
12. Nc4 Nh5 13. g3 $14 {and White has a comfortable position.}) 9... Bxb3 ({
After the natural} 9... Qc7 {White can play} 10. Na3 $14 {and thanks for
Black's weak P structure White is slightly better.}) 10. Qe2 (10. Qf3 c4) 10...
c4 (10... Be6 11. Bxe5 $14) 11. Bxc4 Bxc4 12. Qxc4 Rc8 {(Carlsen-Svidler,
Stavanger 2013)} 13. Qe2 Rxc2 14. Bxe5 $32 {and White has a big development
advantage.}) 6. c3 b5 7. Bc2 Bb7 8. Re1 {This a very typical Spanish position.
White is ready to play d4.} c4 ({In case of} 8... e5 9. d4 Be7 10. Nbd2 O-O {
and the position is very similar like a Ruy Lopez Breyer line.}) 9. a4 (9. b3
e6 (9... cxb3 $6 {isn't so good, as} 10. axb3 e5 11. d4 Be7 12. Nbd2 O-O {
(Brkic-Tomic, Sarajevo 2013)} 13. c4 $14 {and White is slightly better.}) 10.
bxc4 bxc4 11. Na3 Rc8 12. Qe2 Qc7 13. Rb1 Ba8 $132 {and Black can keep the
tension.}) 9... e5 (9... e6 {could have been met by} 10. axb5 $5 (10. d4 cxd3
11. Bxd3 bxa4 12. Rxa4 Be7 13. Rb4 Qc7 14. Na3 O-O 15. Rc4 Qb8 $13 {Almeida
Quintana-Gormally, ICC INT 2008.}) 10... axb5 11. Rxa8 Qxa8 (11... Bxa8 12. d3
$14) 12. Na3 Be7 (12... Bxe4 13. Bxe4 Nxe4 14. d3 cxd3 15. Nxb5 $36) 13. Nxb5 {
compare with the text move, the black P is on e6 instead of e5.}) (9... Nc5 $5
{was an interesting alternative} 10. d3 cxd3 11. Bxd3 bxa4 (11... Nxa4 12. c4
Nc5 13. cxb5 Nxd3 14. Qxd3 $14) (11... Nfxe4 12. axb5 (12. Bc2 d5) 12... Nxd3
13. Qxd3 Nc5 14. Qe2 $14) 12. Bc2 e6 13. Bg5 Be7 14. Bxa4+ Nxa4 15. Qxa4+ Qd7 {
with a nearly equal position.}) 10. axb5 axb5 11. Rxa8 Qxa8 (11... Bxa8 12. d3
cxd3 13. Bxd3 Qb8 14. b4 $14 {followed by Na3 then Qe2 and the b5 P is very
weak.}) 12. Na3 Be7 {Cheparinov immediately sacrifices the b5 P. He hopes
there are any counterplay thanks for the e4 P and White's development
disadvantage.} (12... Bc6 {was the natural reply,} 13. d3 cxd3 14. Bxd3 Be7 (
14... Qb7 15. Qe2 b4 16. Nc4 $36 {with some initiative for White.}) 15. Nxb5
O-O 16. Bg5 Nc5 17. c4 Rd8 (17... Ncxe4 18. Bxe4 Bxe4 19. Bxf6 Bxf6 20. Nxd6
Rd8 21. c5 $14) 18. Bxf6 Bxf6 19. b4 Nxd3 20. Qxd3 Qb7 {and still not so easy,
Black has some compensation for the P.}) 13. Nxb5 O-O 14. Qe2 Rc8 15. d4 cxd3
16. Bxd3 Nc5 17. Nd2 $1 {The correct answer.} (17. Bg5 $6 {was dubious, as}
Nxd3 18. Qxd3 Bxe4 $1 19. Rxe4 Nxe4 20. Bxe7 Qa1+ 21. Qf1 Qxb2 22. Bxd6 Nxd6
23. Nxd6 Ra8 24. Nc4 Qxc3 25. Ncd2 Ra1 26. Nb1 Qc2 27. Nfd2 h6 $15 {and only
Black who can win the game.}) 17... Nxd3 18. Qxd3 Ba6 19. c4 Bxb5 20. cxb5 Qb7
$44 {Black should equalize the position, but even he takes back the b5 P, we
will see, the game is not completely drawish.} 21. b3 Rb8 22. Bb2 Qxb5 23. Qxb5
Rxb5 24. Rc1 (24. Kf1 {is very similar like the game.}) 24... Rb8 (24... Kf8 {
was also possible, but Black didn't want to allow the penetrate for the white
R.}) 25. Kf1 Kf8 26. Ke2 Ke8 27. f3 (27. Kd3 Nd7) 27... Kd7 28. Kd3 Ne8 {
Now it is not so easy to continue with White. On the other hand Karjakin found
some good moves to avoid the immediately draw and he gave some difficult task
for his opponent.} 29. Kc2 {White protects the b3 P and he prepares for Nc4.}
Bg5 $1 {Of course... Black has to avoid the unpleasant Nc4.} 30. Bc3 Nc7 31.
Ra1 Bxd2 (31... Be3 $5 {was another plan, but Black wants to remove that
dangerous piece.} 32. Nc4 Bc5) 32. Bxd2 Kc6 33. Ra4 Nb5 34. Kd3 Nc7 ({Maybe} 
34... d5 $142 {was more accurate} 35. exd5+ Kxd5 $11 {and Black can hold the
position.}) 35. Kc4 g6 $6 {A dubious move. After this White can create some
problems for Black.} (35... d5+ {was the correct reply} 36. exd5+ Nxd5 37. Ra7
Nb6+ 38. Kc3 Nd5+ 39. Kc2 Rf8 40. Kd3 Kb6 {and still Black can hold himself.})
36. Ra7 $1 {Karjakin immediately find the best chance. The white R is very
unpleasant on a7, the c7 N can't play, so White can easily improve his
position.} Kb6 (36... Nb5 37. Ra6+ (37. Rxf7 $6 Na3+ 38. Kc3 Nb1+ 39. Kc2 Nxd2
40. Kxd2 Rxb3 $11 {is only a drawish R endgame.}) 37... Kd7 38. Be3 $14 {
is also unpleasant for Black.}) 37. Be3+ Kc6 38. b4 d5+ 39. exd5+ Nxd5 40. Bc5
Nc7 41. g4 $1 {White has gained some space on the kingside before the main
actions.} f5 42. g5 Ra8 $6 {Loses immediately, but Black's position was
already bad.} (42... e4 43. fxe4 fxe4 44. h4 e3 45. Bxe3 Re8 46. Kd3 {looks
also difficult for Black, but after} Nd5 {still not finish.}) 43. b5+ $18 Kd7
44. Rxa8 Nxa8 45. h4 Nc7 46. b6 Ne6 47. Kd5 Nxc5 48. Kxc5 Kc8 49. Kd5 e4 50.
fxe4 f4 51. Kd4 Kb7 52. Kd3 Kxb6 53. Ke2 1-0